[Event "Greek Team Championship"]
[Site "chess24.com"]
[Date "2017.07.04"]
[Round "3"]
[White "Sethuraman, S.P."]
[Black "Theodorou, Nikolas"]
[Result "0-1"]
[Board "2"]
[WhiteElo "2625"]
[WhiteTitle "GM"]
[WhiteCountry "IND"]
[WhiteFideId "5021596"]
[WhiteEloChange "-7"]
[BlackElo "2500"]
[BlackTitle "IM"]
[BlackCountry "GRE"]
[BlackFideId "4262875"]
[BlackEloChange "7"]

1. e4 {[%clk 1:30:54]} e5 {[%clk 1:30:40]} 2. Nf3 {[%clk 1:31:08]} Nc6 {[%clk
1:31:03]} 3. Bc4 {[%clk 1:31:34]} Bc5 {[%clk 1:31:23]} 4. d3 {[%clk 1:31:59]} Nf6
{[%clk 1:31:45]} 5. a4 {[%clk 1:32:24]} O-O {[%clk 1:31:03]} 6. O-O {[%clk
1:32:48]} d5 {[%clk 1:06:52]} 7. exd5 {[%clk 1:33:09]} Nxd5 {[%clk 1:07:18]} 8.
Nbd2 {[%clk 1:33:29]} h6 {[%clk 0:54:16]} 9. Re1 {[%clk 1:32:34]} Re8 {[%clk
0:52:46]} 10. Ne4 {[%clk 1:25:45]} Be7 {[%clk 0:53:11]} 11. c3 {[%clk 1:24:31]}
Be6 {[%clk 0:50:28]} 12. b4 {[%clk 1:14:44]} Bd6 {[%clk 0:48:13]} 13. Qb3 {[%clk
0:59:44]} Nf6 {[%clk 0:44:03]} 14. Bxe6 {[%clk 0:58:29]} Rxe6 {[%clk 0:44:27]}
15. Be3 {[%clk 0:58:49]} Ne7 {[%clk 0:42:30]} 16. Rad1 {[%clk 0:50:57]} Ng6
{[%clk 0:40:26]} 17. Ng3 {[%clk 0:50:25]} Qd7 {[%clk 0:37:42]} 18. d4 {[%clk
0:46:11]} e4 {[%clk 0:34:27]} 19. Ne5 {[%clk 0:34:50]} Nxe5 {[%clk 0:34:51]} 20.
dxe5 {[%clk 0:35:17]} Rxe5 {[%clk 0:35:16]} 21. c4 {[%clk 0:35:14]} Qc6 {[%clk
0:30:32]} 22. c5 {[%clk 0:25:46]} Bf8 {[%clk 0:30:26]} 23. Bd4 {[%clk 0:24:27]}
Ree8 {[%clk 0:27:33]} 24. b5 {[%clk 0:22:10]} Qe6 {[%clk 0:27:10]} 25. Qc2 {[%clk
0:22:35]} Rad8 {[%clk 0:26:08]} 26. f3 {[%clk 0:22:58]} b6 {[%clk 0:23:02]} 27.
cxb6 {[%clk 0:19:17]} Rxd4 {[%clk 0:22:05]} 28. Rxd4 {[%clk 0:15:59]} Qxb6 {[%clk
0:22:30]} 29. Qc4 {[%clk 0:13:31]} Bc5 {[%clk 0:21:10]} 30. Rd1 {[%clk 0:13:32]}
Bxd4+ {[%clk 0:17:47]} 31. Rxd4 {[%clk 0:13:57]} exf3 {[%clk 0:12:08]} 32. gxf3
{[%clk 0:14:24]} Rd8 {[%clk 0:11:20]} 33. Ne2 {[%clk 0:14:09]} Rd5 {[%clk
0:10:55]} 34. Kg2 {[%clk 0:12:49]} Qe6 {[%clk 0:10:46]} 35. Nf4 {[%clk 0:12:02]}
Rg5+ {[%clk 0:09:31]} 36. Kf2 {[%clk 0:10:48]} Qb6 {[%clk 0:07:58]} 37. Qd3
{[%clk 0:05:30]} Nd5 {[%clk 0:05:22]} 38. Ne2 {[%clk 0:05:45]} g6 {[%clk
0:04:18]} 39. a5 {[%clk 0:04:27]} Qc5 {[%clk 0:04:15]} 40. h4 {[%clk 0:31:27]}
Rf5 {[%clk 0:31:24]} 41. Qc4 {[%clk 0:30:30]} Nf6 {[%clk 0:27:13]} 42. Qxc5
{[%clk 0:30:20]} Rxc5 {[%clk 0:27:41]} 43. Rd8+ {[%clk 0:30:46]} Kg7 {[%clk
0:28:06]} 44. Nd4 {[%clk 0:31:01]} Nd5 {[%clk 0:24:52]} 45. a6 {[%clk 0:27:02]}
Nc3 {[%clk 0:18:27]} 46. Rb8 {[%clk 0:27:18]} Rc4 {[%clk 0:07:55]} 47. Ke3 {[%clk
0:25:55]} Rb4 {[%clk 0:08:20]} 48. Kd3 {[%clk 0:20:45]} Nd5 {[%clk 0:08:48]} 49.
Nc6 {[%clk 0:20:24]} Rxh4 {[%clk 0:08:17]} 50. Nxa7 {[%clk 0:20:22]} Ra4 {[%clk
0:08:42]} 51. Nc6 {[%clk 0:06:46]} h5 {[%clk 0:09:08]} 52. a7 {[%clk 0:06:58]}
Nb6 {[%clk 0:09:36]} 53. Rb7 {[%clk 0:07:13]} h4 {[%clk 0:07:00]} 54. Ke2 {[%clk
0:04:47]} h3 {[%clk 0:03:44]} 55. Kf2 {[%clk 0:05:12]} Ra2+ {[%clk 0:03:19]} 56.
Kg1 {[%clk 0:05:36]} Nd7 {[%clk 0:01:01]} 57. Nb4 {[%clk 0:05:03]} Rg2+ {[%clk
0:01:29]} 58. Kh1 {[%clk 0:01:40]} Ne5 {[%clk 0:01:58]} 59. a8Q {[%clk 0:00:46]}
Nxf3 {[%clk 0:02:23]} 60. Qa1+ {[%clk 0:00:38]} Kh7 {[%clk 0:02:52]} 0-1

[Event "Greek Team Championship"]
[Site "chess24.com"]
[Date "2017.07.04"]
[Round "3"]
[White "Naoum, Spyridon"]
[Black "Saric, Ivan"]
[Result "0-1"]
[Board "3"]
[WhiteElo "2267"]
[WhiteCountry "GRE"]
[WhiteFideId "4227506"]
[WhiteEloChange "-2"]
[BlackElo "2616"]
[BlackTitle "GM"]
[BlackCountry "CRO"]
[BlackFideId "14508150"]
[BlackEloChange "1"]

1. d4 {[%clk 1:22:37]} Nf6 {[%clk 1:30:30]} 2. c4 {[%clk 1:22:40]} e6 {[%clk
1:31:18]} 3. Nc3 {[%clk 1:21:38]} Bb4 {[%clk 1:31:39]} 4. g3 {[%clk 1:22:03]} O-O
{[%clk 1:31:06]} 5. Bg2 {[%clk 1:22:29]} Bxc3+ {[%clk 1:31:17]} 6. bxc3 {[%clk
1:22:54]} d6 {[%clk 1:31:42]} 7. Nf3 {[%clk 1:22:44]} Nc6 {[%clk 1:31:58]} 8. O-O
{[%clk 1:16:48]} e5 {[%clk 1:32:09]} 9. Rb1 {[%clk 0:57:05]} h6 {[%clk 1:30:48]}
10. Ba3 {[%clk 0:51:26]} Re8 {[%clk 1:27:47]} 11. dxe5 {[%clk 0:51:21]} dxe5
{[%clk 1:27:46]} 12. Qc1 {[%clk 0:51:38]} Qd7 {[%clk 1:23:55]} 13. e4 {[%clk
0:17:24]} Qe6 {[%clk 1:14:37]} 14. Nd2 {[%clk 0:17:43]} Na5 {[%clk 1:14:25]} 15.
Rb5 {[%clk 0:17:28]} Nxc4 {[%clk 1:11:06]} 16. Nxc4 {[%clk 0:17:54]} Qxc4 {[%clk
1:11:32]} 17. Rc5 {[%clk 0:18:22]} Qxa2 {[%clk 1:10:57]} 18. Rxc7 {[%clk
0:18:51]} Qb3 {[%clk 1:07:29]} 19. Kh1 {[%clk 0:13:40]} Be6 {[%clk 1:01:39]} 20.
f4 {[%clk 0:13:53]} Rac8 {[%clk 1:01:50]} 21. Bd6 {[%clk 0:13:36]} Rxc7 {[%clk
1:01:46]} 22. Bxc7 {[%clk 0:14:01]} Nxe4 {[%clk 0:53:55]} 23. Bxe5 {[%clk
0:11:07]} Bd5 {[%clk 0:53:51]} 24. Qe3 {[%clk 0:06:27]} Nf6 {[%clk 0:45:51]} 25.
Qxa7 {[%clk 0:05:41]} Ng4 {[%clk 0:46:04]} 26. Bd4 {[%clk 0:01:15]} Bxg2+ {[%clk
0:45:06]} 27. Kxg2 {[%clk 0:01:44]} Qc2+ {[%clk 0:45:29]} 28. Rf2 {[%clk
0:00:44]} Nxf2 {[%clk 0:45:39]} 29. Bxf2 {[%clk 0:01:13]} Qe4+ {[%clk 0:45:58]}
30. Kg1 {[%clk 0:01:32]} Rd8 {[%clk 0:40:36]} 31. Bd4 {[%clk 0:01:31]} b5 {[%clk
0:40:38]} 32. Qc5 {[%clk 0:01:10]} Ra8 {[%clk 0:40:40]} 0-1

[Event "Greek Team Championship"]
[Site "chess24.com"]
[Date "2017.07.04"]
[Round "3"]
[White "Pavlidis, Antonios"]
[Black "Patrelakis, Evaggelos"]
[Result "1-0"]
[Board "4"]
[WhiteElo "2540"]
[WhiteTitle "GM"]
[WhiteCountry "GRE"]
[WhiteFideId "4212312"]
[WhiteEloChange "1"]
[BlackElo "1925"]
[BlackCountry "GRE"]
[BlackFideId "4295102"]
[BlackEloChange "-2"]

1. e4 {[%clk 1:30:14]} c5 {[%clk 1:30:53]} 2. Nf3 {[%clk 1:30:40]} d6 {[%clk
1:31:19]} 3. d4 {[%clk 1:30:50]} cxd4 {[%clk 1:31:43]} 4. Nxd4 {[%clk 1:31:18]}
Nf6 {[%clk 1:32:01]} 5. Nc3 {[%clk 1:31:44]} a6 {[%clk 1:32:26]} 6. f3 {[%clk
1:32:11]} e6 {[%clk 1:32:48]} 7. Be3 {[%clk 1:32:27]} b5 {[%clk 1:33:11]} 8. Qd2
{[%clk 1:32:29]} Nbd7 {[%clk 1:33:33]} 9. g4 {[%clk 1:32:42]} Nb6 {[%clk
1:33:58]} 10. a4 {[%clk 1:32:30]} Nc4 {[%clk 1:33:45]} 11. Bxc4 {[%clk 1:32:55]}
bxc4 {[%clk 1:34:09]} 12. O-O {[%clk 1:25:43]} Bb7 {[%clk 1:27:22]} 13. Rad1
{[%clk 1:19:18]} Be7 {[%clk 1:26:34]} 14. Qg2 {[%clk 1:13:00]} Qa5 {[%clk
1:13:52]} 15. Nde2 {[%clk 1:09:16]} h6 {[%clk 1:07:47]} 16. Qf2 {[%clk 1:07:24]}
Qc7 {[%clk 0:58:19]} 17. Bd4 {[%clk 0:57:35]} Bc6 {[%clk 0:55:57]} 18. Ng3 {[%clk
0:46:39]} Rb8 {[%clk 0:53:35]} 19. Qd2 {[%clk 0:46:11]} e5 {[%clk 0:37:25]} 20.
Be3 {[%clk 0:45:16]} Bd7 {[%clk 0:37:46]} 21. Nf5 {[%clk 0:42:52]} Bxf5 {[%clk
0:38:01]} 22. gxf5 {[%clk 0:43:18]} Qc6 {[%clk 0:35:43]} 23. Kh1 {[%clk 0:42:58]}
Rb7 {[%clk 0:27:42]} 24. Rg1 {[%clk 0:42:41]} Rg8 {[%clk 0:28:10]} 25. Rg2 {[%clk
0:31:23]} Bf8 {[%clk 0:25:50]} 26. a5 {[%clk 0:28:10]} Rh8 {[%clk 0:22:33]} 27.
Bf2 {[%clk 0:27:05]} Rb8 {[%clk 0:18:18]} 28. Bh4 {[%clk 0:26:40]} Rxb2 {[%clk
0:17:07]} 29. Bxf6 {[%clk 0:23:29]} gxf6 {[%clk 0:17:35]} 30. Rgg1 {[%clk
0:23:53]} Be7 {[%clk 0:14:26]} 31. Nd5 {[%clk 0:23:50]} Qc5 {[%clk 0:12:28]} 32.
Rb1 {[%clk 0:22:13]} Rxb1 {[%clk 0:11:28]} 33. Rxb1 {[%clk 0:22:39]} Bd8 {[%clk
0:11:50]} 34. Rb8 {[%clk 0:16:26]} Kd7 {[%clk 0:12:18]} 35. Qe3 {[%clk 0:13:32]}
Qd4 {[%clk 0:04:59]} 36. Qxd4 {[%clk 0:10:10]} exd4 {[%clk 0:05:28]} 37. Kg2
{[%clk 0:10:19]} Rg8+ {[%clk 0:05:23]} 38. Kf2 {[%clk 0:10:35]} Rg5 {[%clk
0:05:39]} 39. h4 {[%clk 0:10:35]} Rg7 {[%clk 0:05:55]} 40. Ra8 {[%clk 0:40:40]}
Bxa5 {[%clk 0:36:00]} 41. Rxa6 {[%clk 0:34:58]} Bd8 {[%clk 0:34:32]} 42. Ra4
{[%clk 0:35:19]} d3 {[%clk 0:34:55]} 43. Rxc4 {[%clk 0:35:36]} dxc2 {[%clk
0:34:24]} 44. Rxc2 {[%clk 0:35:41]} Rg8 {[%clk 0:33:57]} 45. Ra2 {[%clk 0:35:33]}
Rg7 {[%clk 0:33:35]} 46. Ra8 {[%clk 0:34:06]} Rh7 {[%clk 0:33:18]} 47. Ra7+
{[%clk 0:33:46]} Ke8 {[%clk 0:32:45]} 48. Rb7 {[%clk 0:33:32]} Rg7 {[%clk
0:32:57]} 49. Nf4 {[%clk 0:31:43]} Rg8 {[%clk 0:32:51]} 50. Nd5 {[%clk 0:30:29]}
Rg7 {[%clk 0:32:38]} 51. Nb4 {[%clk 0:29:47]} Ba5 {[%clk 0:30:50]} 52. Nc6 {[%clk
0:30:04]} Bc3 {[%clk 0:30:00]} 53. Re7+ {[%clk 0:30:30]} Kf8 {[%clk 0:30:23]} 54.
Rd7 {[%clk 0:30:58]} Rh7 {[%clk 0:28:18]} 55. Rxd6 {[%clk 0:30:48]} h5 {[%clk
0:27:24]} 56. Rd3 {[%clk 0:26:13]} Bb2 {[%clk 0:27:24]} 57. Rb3 {[%clk 0:25:54]}
Ba1 {[%clk 0:26:53]} 58. Ra3 {[%clk 0:25:42]} Bb2 {[%clk 0:26:56]} 59. Ra2 {[%clk
0:26:08]} Bc3 {[%clk 0:25:33]} 60. Rc2 {[%clk 0:21:34]} Ba1 {[%clk 0:26:01]} 61.
Rc1 {[%clk 0:21:56]} Bb2 {[%clk 0:26:24]} 62. Rb1 {[%clk 0:22:16]} Ba3 {[%clk
0:26:15]} 63. f4 {[%clk 0:20:58]} Kg7 {[%clk 0:25:57]} 64. Nb8 {[%clk 0:13:52]}
Bd6 {[%clk 0:25:10]} 65. Kf3 {[%clk 0:13:37]} Rh8 {[%clk 0:25:04]} 66. Nd7 {[%clk
0:13:48]} Be7 {[%clk 0:25:21]} 67. e5 {[%clk 0:14:01]} fxe5 {[%clk 0:25:00]} 68.
f6+ {[%clk 0:14:27]} 1-0

[Event "Greek Team Championship"]
[Site "chess24.com"]
[Date "2017.07.04"]
[Round "3"]
[White "Antova, Gabriela"]
[Black "Tsolakidou, Stavroula"]
[Result "1/2-1/2"]
[Board "5"]
[WhiteElo "2289"]
[WhiteTitle "FM"]
[WhiteCountry "BUL"]
[WhiteFideId "2915235"]
[WhiteEloChange "2"]
[BlackElo "2359"]
[BlackTitle "WGM"]
[BlackCountry "GRE"]
[BlackFideId "4264312"]
[BlackEloChange "-2"]

1. d4 {[%clk 1:30:57]} Nf6 {[%clk 1:30:55]} 2. c4 {[%clk 1:31:20]} e6 {[%clk
1:31:19]} 3. Nf3 {[%clk 1:31:42]} c5 {[%clk 1:30:19]} 4. d5 {[%clk 1:31:50]} d6
{[%clk 1:30:41]} 5. Nc3 {[%clk 1:32:04]} exd5 {[%clk 1:31:02]} 6. cxd5 {[%clk
1:32:26]} g6 {[%clk 1:31:24]} 7. Bf4 {[%clk 1:26:09]} a6 {[%clk 1:31:15]} 8. a4
{[%clk 1:26:31]} Bg7 {[%clk 1:31:20]} 9. h3 {[%clk 1:26:44]} O-O {[%clk 1:31:34]}
10. e3 {[%clk 1:26:54]} Ne8 {[%clk 1:31:47]} 11. Be2 {[%clk 1:27:02]} Nd7 {[%clk
1:32:01]} 12. O-O {[%clk 1:27:14]} b6 {[%clk 1:32:19]} 13. Bg3 {[%clk 1:16:27]}
Ne5 {[%clk 1:24:33]} 14. Nd2 {[%clk 1:05:01]} f5 {[%clk 1:24:06]} 15. f4 {[%clk
1:00:51]} Nf7 {[%clk 1:24:28]} 16. e4 {[%clk 1:00:56]} fxe4 {[%clk 1:06:00]} 17.
Ndxe4 {[%clk 0:59:12]} Nh6 {[%clk 0:56:42]} 18. Qd2 {[%clk 0:52:35]} Nf5 {[%clk
0:50:57]} 19. Bf2 {[%clk 0:52:36]} Nc7 {[%clk 0:40:44]} 20. Rae1 {[%clk 0:49:11]}
h6 {[%clk 0:32:48]} 21. Bd3 {[%clk 0:46:12]} b5 {[%clk 0:26:19]} 22. Ng3 {[%clk
0:29:49]} c4 {[%clk 0:23:17]} 23. Bb1 {[%clk 0:29:17]} Nxg3 {[%clk 0:21:30]} 24.
Bxg3 {[%clk 0:29:39]} Bf5 {[%clk 0:21:56]} 25. Ne4 {[%clk 0:28:09]} Ne8 {[%clk
0:15:42]} 26. Bf2 {[%clk 0:26:32]} Nf6 {[%clk 0:14:54]} 27. Bd4 {[%clk 0:18:46]}
Nxe4 {[%clk 0:08:59]} 28. Bxe4 {[%clk 0:19:08]} Bxd4+ {[%clk 0:09:24]} 29. Qxd4
{[%clk 0:19:34]} Qf6 {[%clk 0:09:19]} 30. Qxf6 {[%clk 0:16:53]} Rxf6 {[%clk
0:09:46]} 31. Bxf5 {[%clk 0:17:03]} Rxf5 {[%clk 0:08:27]} 32. Re6 {[%clk
0:17:27]} Rxd5 {[%clk 0:07:01]} 33. Rxg6+ {[%clk 0:17:51]} Kh7 {[%clk 0:07:24]}
34. Re6 {[%clk 0:14:20]} Rf8 {[%clk 0:03:22]} 35. Rf2 {[%clk 0:06:57]} Rf7 {[%clk
0:03:17]} 36. g4 {[%clk 0:05:08]} bxa4 {[%clk 0:02:40]} 37. Kg2 {[%clk 0:04:30]}
Rd3 {[%clk 0:01:04]} 38. f5 {[%clk 0:04:13]} a3 {[%clk 0:01:02]} 39. bxa3 {[%clk
0:04:20]} c3 {[%clk 0:01:10]} 40. Ree2 {[%clk 0:31:07]} Rc7 {[%clk 0:30:41]} 41.
f6 {[%clk 0:24:31]} Rf7 {[%clk 0:19:07]} 42. Rc2 {[%clk 0:16:37]} d5 {[%clk
0:12:14]} 43. Rf3 {[%clk 0:15:24]} Rxf3 {[%clk 0:12:23]} 44. Kxf3 {[%clk
0:15:52]} d4 {[%clk 0:08:39]} 45. Ke4 {[%clk 0:15:55]} Rd7 {[%clk 0:09:03]} 46.
Kd3 {[%clk 0:16:17]} Kg6 {[%clk 0:09:18]} 47. Rf2 {[%clk 0:16:40]} Kf7 {[%clk
0:07:44]} 48. h4 {[%clk 0:15:46]} Rd5 {[%clk 0:06:26]} 49. Rf4 {[%clk 0:13:05]}
Rc5 {[%clk 0:05:32]} 50. Rf2 {[%clk 0:13:16]} Rd5 {[%clk 0:05:07]} 51. Rf4 {[%clk
0:13:39]} Rc5 {[%clk 0:05:03]} 52. Rf2 {[%clk 0:14:01]} Rd5 {[%clk 0:05:30]}
1/2-1/2

[Event "Greek Team Championship"]
[Site "chess24.com"]
[Date "2017.07.04"]
[Round "3"]
[White "Kafetzi, Angeliki"]
[Black "Karavitaki, Evaggelia"]
[Result "1/2-1/2"]
[Board "6"]
[WhiteElo "1793"]
[WhiteCountry "GRE"]
[WhiteFideId "4238419"]
[WhiteEloChange "-3"]
[BlackElo "1690"]
[BlackCountry "GRE"]
[BlackFideId "4295021"]
[BlackEloChange "3"]

1. d4 {[%clk 1:30:56]} Nf6 {[%clk 1:30:54]} 2. Nf3 {[%clk 1:31:21]} d5 {[%clk
1:30:57]} 3. e3 {[%clk 1:31:47]} e6 {[%clk 1:30:49]} 4. Bd3 {[%clk 1:32:03]} c5
{[%clk 1:31:02]} 5. b3 {[%clk 1:32:22]} b6 {[%clk 1:27:40]} 6. Nbd2 {[%clk
1:32:13]} Bd6 {[%clk 1:27:03]} 7. O-O {[%clk 1:32:21]} O-O {[%clk 1:26:12]} 8.
Bb2 {[%clk 1:32:33]} Nc6 {[%clk 1:13:46]} 9. c4 {[%clk 1:31:59]} cxd4 {[%clk
1:11:26]} 10. exd4 {[%clk 1:31:53]} Bb7 {[%clk 1:11:07]} 11. Rc1 {[%clk 1:29:30]}
Rc8 {[%clk 1:10:58]} 12. Qe2 {[%clk 1:27:50]} Qe7 {[%clk 1:04:57]} 13. Ne5 {[%clk
1:25:13]} Rfd8 {[%clk 0:59:59]} 14. f4 {[%clk 1:25:13]} Ba3 {[%clk 0:49:41]} 15.
Ndf3 {[%clk 1:16:31]} Bxb2 {[%clk 0:47:48]} 16. Qxb2 {[%clk 1:16:39]} Ne4 {[%clk
0:32:56]} 17. Qe2 {[%clk 0:55:54]} f5 {[%clk 0:31:07]} 18. Rfd1 {[%clk 0:42:27]}
Qf6 {[%clk 0:28:16]} 19. Nxc6 {[%clk 0:41:04]} Bxc6 {[%clk 0:27:21]} 20. Ne5
{[%clk 0:39:19]} Bb7 {[%clk 0:26:17]} 21. Bxe4 {[%clk 0:34:06]} fxe4 {[%clk
0:19:17]} 22. Rc3 {[%clk 0:27:03]} Qf5 {[%clk 0:12:59]} 23. Qe3 {[%clk 0:21:39]}
Rf8 {[%clk 0:12:19]} 24. g3 {[%clk 0:21:03]} Qh5 {[%clk 0:11:31]} 25. Rdc1 {[%clk
0:19:59]} Qe8 {[%clk 0:05:08]} 26. c5 {[%clk 0:15:04]} bxc5 {[%clk 0:04:14]} 27.
dxc5 {[%clk 0:14:48]} Bc6 {[%clk 0:04:32]} 28. b4 {[%clk 0:13:48]} a6 {[%clk
0:04:21]} 29. Nxc6 {[%clk 0:10:59]} Qxc6 {[%clk 0:04:22]} 30. Qd4 {[%clk
0:10:13]} Rb8 {[%clk 0:04:15]} 31. a3 {[%clk 0:08:02]} Rb7 {[%clk 0:03:58]} 32.
Rd1 {[%clk 0:06:27]} Rfb8 {[%clk 0:03:47]} 33. f5 {[%clk 0:05:18]} Rd8 {[%clk
0:02:21]} 34. fxe6 {[%clk 0:05:03]} Re7 {[%clk 0:01:40]} 35. Re3 {[%clk 0:03:07]}
Rxe6 {[%clk 0:01:58]} 36. Ra1 {[%clk 0:02:20]} Qa4 {[%clk 0:01:43]} 37. Rc1
{[%clk 0:02:16]} Qc6 {[%clk 0:01:32]} 38. Ra1 {[%clk 0:02:14]} Qa4 {[%clk
0:01:44]} 39. Ra2 {[%clk 0:01:26]} Re7 {[%clk 0:01:25]} 40. Rf2 {[%clk 0:31:28]}
Qc6 {[%clk 0:30:38]} 41. Rf5 {[%clk 0:26:28]} Qe6 {[%clk 0:28:03]} 42. Rf4 {[%clk
0:24:57]} Qd7 {[%clk 0:23:24]} 43. Rf2 {[%clk 0:21:56]} Ree8 {[%clk 0:21:24]} 44.
Rc3 {[%clk 0:18:51]} Re6 {[%clk 0:19:30]} 45. Rfc2 {[%clk 0:17:38]} Qc6 {[%clk
0:19:06]} 46. Re3 {[%clk 0:17:17]} Ree8 {[%clk 0:16:39]} 47. Ra2 {[%clk 0:15:58]}
Qa4 {[%clk 0:16:28]} 48. Rd2 {[%clk 0:16:01]} Qd7 {[%clk 0:15:09]} 49. Rc3 {[%clk
0:15:14]} Re6 {[%clk 0:14:42]} 50. Rf2 {[%clk 0:13:25]} Qe8 {[%clk 0:13:37]} 51.
Re3 {[%clk 0:12:37]} Qd7 {[%clk 0:12:39]} 52. Kf1 {[%clk 0:11:40]} Rf8 {[%clk
0:10:10]} 53. Rxf8+ {[%clk 0:10:44]} Kxf8 {[%clk 0:10:38]} 54. Kg1 {[%clk
0:08:10]} 1/2-1/2

[Event "Greek Team Championship"]
[Site "chess24.com"]
[Date "2017.07.04"]
[Round "3"]
[White "Vozinaki, Anthi - Maria"]
[Black "Tsivelekidou, Evgenia"]
[Result "1-0"]
[Board "7"]
[WhiteElo "1837"]
[WhiteCountry "GRE"]
[WhiteFideId "4263898"]
[WhiteEloChange "10"]
[BlackElo "1847"]
[BlackCountry "GRE"]
[BlackFideId "4274830"]
[BlackEloChange "-10"]

1. e4 {[%clk 1:28:29]} c6 {[%clk 1:30:54]} 2. d4 {[%clk 1:28:42]} d5 {[%clk
1:31:16]} 3. e5 {[%clk 1:29:02]} Bf5 {[%clk 1:31:37]} 4. h4 {[%clk 1:29:22]} Qb6
{[%clk 1:30:21]} 5. Nf3 {[%clk 1:24:09]} e6 {[%clk 1:28:46]} 6. Bd3 {[%clk
1:20:56]} Bxd3 {[%clk 1:25:25]} 7. Qxd3 {[%clk 1:21:20]} c5 {[%clk 1:24:04]} 8.
c4 {[%clk 1:14:00]} dxc4 {[%clk 1:17:52]} 9. Qxc4 {[%clk 1:12:18]} Nc6 {[%clk
1:15:09]} 10. dxc5 {[%clk 1:08:09]} Bxc5 {[%clk 1:07:17]} 11. O-O {[%clk
1:08:19]} Nge7 {[%clk 1:00:16]} 12. Nc3 {[%clk 1:06:07]} Qb4 {[%clk 0:56:35]} 13.
Qe2 {[%clk 1:01:15]} Nf5 {[%clk 0:52:43]} 14. Ne4 {[%clk 0:55:09]} Be7 {[%clk
0:46:06]} 15. a3 {[%clk 0:50:18]} Qb6 {[%clk 0:41:49]} 16. Bf4 {[%clk 0:47:36]}
O-O {[%clk 0:38:21]} 17. h5 {[%clk 0:45:59]} Rfd8 {[%clk 0:36:10]} 18. Rac1
{[%clk 0:35:21]} Rac8 {[%clk 0:33:34]} 19. Kh2 {[%clk 0:32:15]} Ncd4 {[%clk
0:27:46]} 20. Nxd4 {[%clk 0:32:22]} Nxd4 {[%clk 0:27:51]} 21. Qg4 {[%clk
0:30:23]} Nf5 {[%clk 0:24:28]} 22. h6 {[%clk 0:26:33]} g6 {[%clk 0:21:41]} 23.
Bg5 {[%clk 0:23:58]} Qxb2 {[%clk 0:13:49]} 24. Bxe7 {[%clk 0:16:54]} Nxe7 {[%clk
0:11:58]} 25. Qf4 {[%clk 0:14:40]} Rxc1 {[%clk 0:04:19]} 26. Qf6 {[%clk 0:13:50]}
Kf8 {[%clk 0:04:08]} 27. Qg7+ {[%clk 0:14:08]} 1-0

[Event "Greek Team Championship"]
[Site "chess24.com"]
[Date "2017.07.04"]
[Round "3"]
[White "Apostolakakis, Konstantinos"]
[Black "Papadopoulos, Argirios"]
[Result "1-0"]
[Board "8"]
[WhiteElo "2020"]
[WhiteCountry "GRE"]
[WhiteFideId "4259637"]
[WhiteEloChange "14"]
[BlackElo "2176"]
[BlackTitle "FM"]
[BlackCountry "GRE"]
[BlackFideId "4241509"]
[BlackEloChange "-14"]

1. d4 {[%clk 1:28:30]} Nf6 {[%clk 1:30:49]} 2. Nf3 {[%clk 1:28:55]} e6 {[%clk
1:25:22]} 3. Bf4 {[%clk 1:29:21]} b6 {[%clk 1:25:42]} 4. e3 {[%clk 1:29:17]} Bb7
{[%clk 1:24:38]} 5. Nbd2 {[%clk 1:28:55]} c5 {[%clk 1:20:48]} 6. Nc4 {[%clk
1:22:43]} d5 {[%clk 1:18:52]} 7. Nce5 {[%clk 1:22:48]} c4 {[%clk 1:11:59]} 8. Ng5
{[%clk 1:21:48]} Rg8 {[%clk 1:03:34]} 9. Nexf7 {[%clk 1:14:19]} Qc8 {[%clk
1:01:06]} 10. Ne5 {[%clk 0:39:08]} h6 {[%clk 0:56:37]} 11. Ngf3 {[%clk 0:38:53]}
Nc6 {[%clk 0:56:29]} 12. c3 {[%clk 0:37:28]} b5 {[%clk 0:53:49]} 13. Nxc6 {[%clk
0:31:33]} Bxc6 {[%clk 0:50:59]} 14. Qc2 {[%clk 0:30:50]} g5 {[%clk 0:44:44]} 15.
Be5 {[%clk 0:30:59]} Be7 {[%clk 0:41:57]} 16. Nd2 {[%clk 0:23:12]} Qb7 {[%clk
0:40:19]} 17. Be2 {[%clk 0:23:11]} O-O-O {[%clk 0:38:49]} 18. b3 {[%clk 0:22:15]}
Nd7 {[%clk 0:30:51]} 19. Bg3 {[%clk 0:21:18]} Nb6 {[%clk 0:30:49]} 20. Bg4 {[%clk
0:19:30]} Bd7 {[%clk 0:30:58]} 21. bxc4 {[%clk 0:15:55]} Nxc4 {[%clk 0:27:32]}
22. Nxc4 {[%clk 0:15:54]} dxc4 {[%clk 0:27:49]} 23. O-O {[%clk 0:15:54]} Rh8
{[%clk 0:23:58]} 24. a4 {[%clk 0:14:59]} h5 {[%clk 0:22:10]} 25. Bf3 {[%clk
0:15:23]} Bc6 {[%clk 0:21:12]} 26. Bxc6 {[%clk 0:15:47]} Qxc6 {[%clk 0:21:38]}
27. axb5 {[%clk 0:16:14]} Qb7 {[%clk 0:21:26]} 28. Qa4 {[%clk 0:16:07]} h4 {[%clk
0:21:44]} 29. Qxc4+ {[%clk 0:16:26]} Kd7 {[%clk 0:22:09]} 30. Rxa7 {[%clk
0:16:38]} 1-0

[Event "Greek Team Championship"]
[Site "chess24.com"]
[Date "2017.07.04"]
[Round "3"]
[White "Georgakopoulos, Nikolaos K."]
[Black "Ioannidis, Evgenios"]
[Result "1/2-1/2"]
[Board "9"]
[WhiteElo "2047"]
[WhiteCountry "GRE"]
[WhiteFideId "4283430"]
[WhiteEloChange "8"]
[BlackElo "2388"]
[BlackTitle "FM"]
[BlackCountry "GRE"]
[BlackFideId "4229274"]
[BlackEloChange "-8"]

1. e4 {[%clk 1:30:50]} c5 {[%clk 1:30:48]} 2. Nf3 {[%clk 1:31:11]} d6 {[%clk
1:31:13]} 3. d4 {[%clk 1:31:36]} cxd4 {[%clk 1:31:38]} 4. Nxd4 {[%clk 1:31:58]}
Nf6 {[%clk 1:32:03]} 5. Nc3 {[%clk 1:32:21]} a6 {[%clk 1:32:30]} 6. h3 {[%clk
1:32:43]} e5 {[%clk 1:32:38]} 7. Nde2 {[%clk 1:33:05]} h5 {[%clk 1:33:01]} 8. g3
{[%clk 1:33:28]} Be6 {[%clk 1:33:12]} 9. Bg2 {[%clk 1:33:33]} Nbd7 {[%clk
1:33:03]} 10. a4 {[%clk 1:33:21]} Be7 {[%clk 1:32:44]} 11. Be3 {[%clk 1:32:23]}
Rc8 {[%clk 1:32:27]} 12. O-O {[%clk 1:32:00]} Nb6 {[%clk 1:30:25]} 13. b3 {[%clk
1:20:32]} d5 {[%clk 1:30:52]} 14. Bxb6 {[%clk 1:09:25]} Qxb6 {[%clk 1:31:19]} 15.
Nxd5 {[%clk 1:07:19]} Nxd5 {[%clk 1:31:44]} 16. exd5 {[%clk 1:07:43]} Bf5 {[%clk
1:32:09]} 17. c4 {[%clk 1:06:25]} Qd6 {[%clk 1:30:19]} 18. Nc3 {[%clk 0:56:30]}
Bd8 {[%clk 1:26:43]} 19. Qe2 {[%clk 0:50:46]} Bb6 {[%clk 1:27:02]} 20. Rad1
{[%clk 0:49:26]} Rc7 {[%clk 1:27:25]} 21. Ne4 {[%clk 0:42:14]} Bxe4 {[%clk
1:27:43]} 22. Bxe4 {[%clk 0:41:13]} a5 {[%clk 1:25:22]} 23. Kh1 {[%clk 0:39:30]}
h4 {[%clk 1:23:49]} 24. g4 {[%clk 0:37:01]} g5 {[%clk 1:23:10]} 25. Bf5 {[%clk
0:34:18]} Kd8 {[%clk 1:22:09]} 26. Qe4 {[%clk 0:31:42]} Bc5 {[%clk 1:22:12]} 27.
Kg2 {[%clk 0:28:06]} Re7 {[%clk 1:22:25]} 28. Rd3 {[%clk 0:27:16]} Kc7 {[%clk
1:22:04]} 29. Re1 {[%clk 0:25:20]} Kb8 {[%clk 1:21:48]} 30. Re2 {[%clk 0:24:04]}
Rhe8 {[%clk 1:22:06]} 31. Rf3 {[%clk 0:23:19]} Rc7 {[%clk 1:19:53]} 32. Rd3
{[%clk 0:19:36]} Rce7 {[%clk 1:19:14]} 33. Rd1 {[%clk 0:18:50]} Rf8 {[%clk
1:19:08]} 1/2-1/2